000 00598nam a22001937a 4500
999 _c20119
_d20119
003 AR-CdUCM
008 190527b ||||| |||| 00| 0 spa d
040 _aMUNICIPALIDAD PROVINCIAL DEL CUSCO
_cBIBLIOTECA MUNICIPAL DEL CUSCO
082 _a985.009 /
_bP22
100 _aPamo Reyna, Oscar G.
_942081
245 _aDaniel Alcides Carrion /
260 _aLima :
_bVision Peruana,
_c1987.
300 _a62 páginas ;
_bFotografías
_c24 cm
440 _aLos que hicieron el Perú
_n24
_942082
505 _aContenido : Biografía.
650 _aBiografía
_922
942 _2ddc
_cLIBROS
945 _arcc